GETS Theological Seminary Library

Consuming Jesus: (Record no. 32159)

MARC details
000 -LEADER
fixed length control field 00709nam a2200193Ia 4500
008 - FIXED-LENGTH DATA ELEMENTS--GENERAL INFORMATION
fixed length control field 201125s9999||||xx |||||||||||||| ||und||
020 ## - INTERNATIONAL STANDARD BOOK NUMBER
International Standard Book Number 0802830684
020 ## - INTERNATIONAL STANDARD BOOK NUMBER
International Standard Book Number 9780802830685
041 ## - LANGUAGE CODE
Language code of text/sound track or separate title eng
050 ## - LIBRARY OF CONGRESS CALL NUMBER
Classification number BR115.N87
Item number .M48 2007
100 ## - MAIN ENTRY--PERSONAL NAME
Personal name Metzger, Paul Louis
245 #0 - TITLE STATEMENT
Title Consuming Jesus:
Remainder of title beyond race and class divisions in a consumer church /
Statement of responsibility, etc. Paul Louis Metzger
260 ## - PUBLICATION, DISTRIBUTION, ETC.
Place of publication, distribution, etc. Grand Rapids, Mich. :
Name of publisher, distributor, etc. William B. Eerdmans Pub. ,
Date of publication, distribution, etc. 2007
300 ## - PHYSICAL DESCRIPTION
Extent x, 191 p.
Other physical details ;
Dimensions 23 cm.
650 ## - SUBJECT ADDED ENTRY--TOPICAL TERM
Topical term or geographic name entry element Consumption (Economics) -- Religious aspects -- Christianity.
650 ## - SUBJECT ADDED ENTRY--TOPICAL TERM
Topical term or geographic name entry element Dinners and dining -- Religious aspects -- Christianity.
650 ## - SUBJECT ADDED ENTRY--TOPICAL TERM
Topical term or geographic name entry element Food -- Religious aspects -- Christianity.
Holdings
Withdrawn status Lost status Damaged status Not for loan Home library Current library Shelving location Date acquired Total Checkouts Full call number Barcode Date last seen Price effective from Koha item type
        GETS Theological Seminary Library GETS Theological Seminary Library General Stacks 11/25/2020   BR115.N87 .M48 2007 00019861 11/25/2020 11/25/2020 English Books
OpacCredits

Contact the Librarian, GETS Library
Email: library@mygets.org









Implemented by GETS Library
(Powered by ETCA Professional Group)
GETS Theological Seminary
412 E. Rowland Street, CA 91723